MAN Vocabulary Quiz - Statistics

General Stats
  • This quiz has been taken 157 times
  • The average score is 9 of 15
Answer Stats
hint word % Correct
Tropical fruit man-- mango
97%
First-year university student -----man freshman
89%
Leader of a work team man---- manager
87%
Jawbone man----- mandible
84%
A large number man- many
79%
To free from slavery -man------ emancipate
75%
Ruled from 1970-2020 by Sultan Qaboos bin Said -man Oman
72%
Insist upon --man- demand
65%
Empire of the first 500 years AD --man Roman
63%
Language that uses umlauts ---man German
59%
Eating trough for cattle or horses man--- manger
52%
Soft-skinned amphibian with a tail ----man--- salamander
42%
To tell off -----man- reprimand
41%
Lasting forever ---man--- permanent
22%
Hindu monkey god ----man Hanuman
13%
No matching quizzes found
Score Distribution
Percent of People with Each Score
Percentile by Number Answered
Your Score History
You have not taken this quiz